Obscure Saints Quiz Stats

 Plays Quiz not verified by Sporcle

Challenge
Share
Tweet
Embed
Score 0/15 Timer 05:00
0 Plays Today
% Correct
Paulinus of York
61.5%
Clotilde
38.5%
Colette of Corbie
38.5%
Deusdedit of Canterbury
38.5%
Dimitry of Rostov
38.5%
Job of Pochayiv
38.5%
Helena of Skövde
38.5%
Julian of Norwich
38.5%
% Correct
Lidwina
38.5%
Basilides
38.5%
Naum of Preslav
30.8%
Basil, fool for Christ
23.1%
Vitus
15.4%
Eanswith
7.7%
Faustus
0%

You're not logged in!

Compare scores with friends on all Sporcle quizzes.
OR
Log In

You Might Also Like...

Show Comments

Extras

Top Quizzes Today


Score Distribution

Your Account Isn't Verified!

In order to create a playlist on Sporcle, you need to verify the email address you used during registration. Go to your Sporcle Settings to finish the process.

Report this User

Report this user for behavior that violates our Community Guidelines.

Details: